| Tag |
First Indicator |
Second Indicator |
Subfields |
| LEADER |
00000cam a2200000Ia 4500 |
| 001 |
in00004519213 |
| 005 |
20191205081421.0 |
| 008 |
910129s1942 nyua c 000 0 eng d |
| 035 |
|
|
|a (OCoLC)ocm23027683
|
| 035 |
|
|
|a (OCoLC)23027683
|
| 035 |
|
|
|z (UtOrBLW)58501
|
| 035 |
|
|
|a 84313
|
| 040 |
|
|
|a IXA
|b eng
|c IXA
|d OCLCQ
|d TMV
|d UtOrBLW
|
| 049 |
|
|
|a TMVM
|c 1
|
| 060 |
|
4 |
|a SF 427
|b A144d 1942
|
| 110 |
2 |
|
|a Abercrombie & Fitch.
|
| 245 |
0 |
0 |
|a Dogs.
|
| 264 |
|
1 |
|a New York :
|b Abercrombie & Fitch Co.,
|c 1942.
|
| 300 |
|
|
|a 44 pages :
|b illustrations ;
|c 24 cm.
|
| 336 |
|
|
|a text
|2 rdacontent
|b txt
|
| 337 |
|
|
|a unmediated
|2 rdamedia
|
| 338 |
|
|
|a volume
|2 rdacarrier
|b nc
|
| 500 |
|
|
|a Cover title.
|
| 500 |
|
|
|a Catalog: pages 2-17.
|
| 650 |
|
0 |
|a Dogs
|x Equipment and supplies
|v Catalogs.
|
| 650 |
|
0 |
|a Dogs.
|
| 650 |
|
0 |
|a Dogs
|x Diseases.
|
| 650 |
|
2 |
|a Dogs.
|
| 650 |
|
2 |
|a Equipment and Supplies
|v Catalogs.
|
| 650 |
|
2 |
|a Dog Diseases.
|
| 999 |
|
|
|a MARS
|
| 999 |
f |
f |
|s 62b04b87-9b9c-3e7c-b4bf-65bc0f941742
|i d68ac796-79c2-3335-88bf-3616db5f43ff
|t 0
|
| 952 |
f |
f |
|p noncirc
|a Texas A&M University
|b College Station
|c Medical Sciences Library
|d MSL: Special Collections
|t 0
|e SF 427 A144d 1942
|f ADV
|h Library of Congress classification
|i unmediated -- volume
|m 3238902576237
|
| 998 |
f |
f |
|a SF 427 A144d 1942
|t 0
|l MSL: Special Collections
|